Prolog programming in depth

Đã lưu trong:
Chi tiết về thư mục
Những tác giả chính: Covington, Michel A (Tác giả), Nute, Donald (Tác giả), Vellino, André (Tác giả)
Định dạng: Sách
Ngôn ngữ:Tiếng Anh
Được phát hành: Hoboken Prentice Hall 1997
Những chủ đề:
Các nhãn: Thêm thẻ
Không có thẻ, Là người đầu tiên thẻ bản ghi này!

MARC

LEADER 00000nam a2200000 a 4500
001 UCP6115
003 CL-VaPUC
008 991008e19970000us |||||||||||||||||eng|d
082 0 4 |a 005.133  |b COV  |2 21 
100 0 |a Covington, Michel A  |e author  |9 434962 
700 0 |a Nute, Donald  |e author  |9 434963 
700 0 |a Vellino, André  |e author  |9 434964 
245 1 0 |a Prolog programming in depth 
300 |a 516 p 
942 |c BK 
945 |d 19991008 00:00:00  |a vberengu 
260 |a Hoboken  |b Prentice Hall  |c 1997 
650 0 |a Lenguajes de programación   |9 259458 
650 7 |a PROGRAMACION DE COMPUTACION  |2 CL-VaPUC  |9 434965 
650 7 |a PROLOG  |2 CL-VaPUC  |9 434966 
650 0 |a Algoritmos   |9 260639 
650 7 |a INTELIGENCIA ARTIFICIAL  |2 CL-VaPUC  |9 434967 
999 |c 283736  |d 283734 
583 |k Rodrigo Vera 
952 |0 0  |1 0  |4 0  |6 005_133000000000000_COV_1997  |7 0  |8 A  |9 327154  |a BIBING  |b BIBING  |d 2019-11-20  |i 3565505  |o 005.133 COV 1997  |p 3565505  |r 2025-01-20  |w 2019-11-20  |y BK  |k CCI